| 000 | 00502cam a2200181ua 4500 | ||
|---|---|---|---|
| 020 |
_a81 85499 18 7 _c142.00 |
||
| 041 |
_aeng _h |
||
| 082 |
_a028.7912 _bBAL/GA |
||
| 100 | _aBalakrishnan, A . | ||
| 245 |
_aGazetter of India: Kerala state gazatteer vol-3 / _cA Balakrishnan. _hTextual Documents |
||
| 250 |
_a1 / _b. |
||
| 260 |
_aTrivandrum : _bState editor Kerala gazetters , _c1989. |
||
| 300 | _a779 ; . | ||
| 365 | _a142.00 | ||
| 504 | _a | ||
| 942 | _cBK | ||
| 999 |
_c8860 _d8860 |
||